000 00455nam a2200193Ia 4500
008 210210b1930 xxu||||| |||| 00| 0 eng d
041 _aeng
082 _a320/660
100 _a-
245 _aHealth organisation of the league of nations
260 _aGeneva
_bLeague of Nations
_c1930
300 _a48
650 _aorganisation
650 _anations
650 _aleague
650 _aHealth
690 _aPolitical Science
906 _a003291
999 _c120925
_d120925